LEADER 01095cam0 2200301 450 001 E600200063229 005 20201027113011.0 100 $a20100423d1989 |||||ita|0103 ba 101 $aita 102 $aIT 200 1 $aRagione e libertà$eSaggi sul pensiero di Andrea Vasa$fA. Marinotti$gL. Handjaras$gM. G. Sandrini$gpref. di Mario Dal Pra 210 $aMilano$cFranco Angeli$dc1989 215 $a181 p.$d22 cm 225 2 $aCollana di Filosofia 410 1$1001LAEC00016386$12001 $a*Collana di Filosofia 700 1$aMarinotti$b, Amedeo$3A600200060968$4070$0158507 702 1$aHandjaras, Luciano$3A600200060969$4070 702 1$aSandrini, Maria Grazia$3A600200060970$4070 702 1$aDal_Pra, Mario$3A600200059913$4070 801 0$aIT$bUNISOB$c20201027$gRICA 850 $aUNISOB 852 $aUNISOB$j100$m58458 912 $aE600200063229 940 $aM 102 Monografia moderna SBN 941 $aM 957 $a100$b006833$gSi$d58458$rAcquisto$1vittorini$2UNISOB$3UNISOB$420100423132439.0$520201027112959.0$6Alfano 996 $aRagione e libertà$91704703 997 $aUNISOB LEADER 01552oam 2200385 450 001 9910708283603321 005 20140429130409.0 035 $a(CKB)3710000000619170 035 $a(OCoLC)861755315 035 $a(EXLCZ)993710000000619170 100 $a20131030d2013 ua 0 101 0 $aeng 135 $aur||||||||||| 181 $ctxt$2rdacontent 182 $cc$2rdamedia 183 $acr$2rdacarrier 200 14$aThe 100% temporary disability rating $ean examination of its effective use : hearing before the Subcommittee on Disability Assistance and Memorial Affairs of the Committee on Veterans' Affairs, U.S. House of Representatives, One Hundred Thirteenth Congress, first session, Tuesday, February 5, 2013 210 1$aWashington :$cU.S. Government Printing Office,$d2013. 215 $a1 online resource (iii, 34 pages) 300 $aTitle from title screen (viewed on October 30, 2013). 300 $aPaper version available for sale by the Superintendent of Documents, United States Government Printing Office. 300 $a"Serial no. 113-2." 517 $a100% Temporary Disability Rating 606 $aDisability evaluation$zUnited States 606 $aDisabled veterans$xServices for$zUnited States 608 $aLegislative hearings.$2lcgft 615 0$aDisability evaluation 615 0$aDisabled veterans$xServices for 801 0$bGPO 801 1$bGPO 801 2$bGPO 906 $aBOOK 912 $a9910708283603321 996 $aThe 100% temporary disability rating$93508006 997 $aUNINA